South Africa Immigration by Country - Statistics

General Stats
  • This quiz has been taken 1,820 times
    1,518 since last reset
  • The average score is 19 of 26
Answer Stats
# People Country of Origin % Correct
67,382 United Kingdom
93%
690,243 Zimbabwe
92%
63,892 D.R. Congo
90%
36,671 Namibia
89%
50,475 Botswana
88%
350,463 Mozambique
88%
22,901 Zambia
87%
47,945 Angola
86%
192,008 Lesotho
86%
36,210 Nigeria
85%
29,935 India
84%
45,435 Eswatini
83%
19,901 Kenya
83%
23,713 Rep. of the Congo
83%
11,544 Tanzania
82%
58,491 Somalia
74%
44,181 Ethiopia
73%
94,119 Malawi
70%
16,595 Germany
69%
13,325 Pakistan
67%
15,565 Bangladesh
55%
28,122 Italy
53%
14,582 Ireland
46%
11,861 Portugal
38%
11,900 Poland
36%
10,878 Greece
30%
No matching quizzes found
Score Distribution
Percent of People with Each Score
Percentile by Number Answered
Your Score History
You have not taken this quiz since the last reset